Provincias del Imperio español en un mapa - Estadísticas

Estadísticas generales
  • Esta prueba ha sido intentada 78 veces
  • La puntuación promedio es 57 de 130
Respuestas en el mapa
Las respuestas están codificadas por una escala verde-roja en el mapa de la prueba según el % correcto abajo.
 
Estadísticas de respuestas
Respuesta % Correcto
Aragón
92%
Cataluña
92%
Extremadura
90%
Sevilla
89%
Valencia
89%
Asturias
87%
Florida
87%
Granada
87%
Toledo
87%
Canarias
85%
Galicia
85%
León
85%
Madrid
85%
Navarra
85%
Baleares
84%
Murcia
84%
Ceuta
82%
Córdoba
82%
Melilla
82%
Salamanca
82%
Zamora
80%
Valladolid
77%
Álava
75%
Ávila
75%
Burgos
75%
Jaén
75%
Palencia
75%
| Guadalajara
72%
Guipúzcoa
72%
Panamá
72%
Segovia
72%
Soria
72%
Vizcaya
72%
| Cuenca
70%
Nicaragua
70%
Lima
69%
Baja California
67%
Buenos Aires
67%
Costa Rica
66%
Caracas
64%
Luisiana
64%
México
64%
Santiago
64%
Guatemala
62%
Nuevas Filipinas
61%
Puerto Rico
61%
Nuevo México
59%
Malvinas
57%
Quito
57%
La Paz
54%
Montevideo
54%
Provincias Internas
de Occidente
Alta California
52%
Cartagena
49%
La Mancha
49%
Toro
49%
Mérida
46%
Nueva Navarra
46%
Guayaquil
44%
Nuevo León
44%
San Salvador
44%
Veracruz
41%
Cuzco
39%
Trinidad
38%
Guam
36%
Maracaibo
34%
Oaxaca
34%
Puebla
34%
Paraguay
33%
Potosí
31%
Zacatecas
31%
Fernando Poo y Annobón
30%
Luzón
28%
Marianas
28%
Misiones
28%
Arequipa
26%
Carolinas
26%
Chiapas
26%
Palaos
26%
Guayana
25%
Nuevas Poblaciones
25%
San Luis Potosí
25%
Tabasco
25%
Trujillo
23%
Darién
21%
Mindanao
21%
Chiloé
20%
Guanajuato
18%
Molina
18%
Salta
18%
Nueva Vizcaya
16%
Occidente
16%
Oriente
16%
Santa Fé
16%
Margarita
15%
ProvinciasInternas de Oriente Nueva Extremadura
15%
Concepción
13%
Nuevo Santander
13%
Antioquia
11%
Charcas
11%
Territorio Nutca
11%
Santa Marta
11%
Popayán
8%
Cochabamba
7%
Pamplona
7%
Puno
7%
Chocó
5%
Portobelo
5%
Veragua
5%
Cibao
3%
Comayagua
3%
Ozama
3%
Socorro
3%
Tunja
3%
Barinas
2%
Chiquitos
2%
Huancavelica
2%
Macas
2%
Mariquita
2%
Maynas
2%
Moxos
2%
Neiva
2%
Riohacha
2%
Cumaná
0%
Huamanga
0%
Tarma
0%
No se encontraron pruebas coincidentes
Distribución de puntuación
Porcentaje de gente con cada puntuación
Porcentaje por número respondido
Historial de tus puntuaciones
No has intentado esta prueba.